Production Technology Manufachniry Process, Tech and Automatics (Record no. 1224)

MARC details
000 -LEADER
fixed length control field 00431nam a22001697a 4500
005 - DATE AND TIME OF LATEST TRANSACTION
control field 20160520152305.0
008 - FIXED-LENGTH DATA ELEMENTS--GENERAL INFORMATION
fixed length control field 160520b xxu||||| |||| 00| 0 eng d
020 ## - INTERNATIONAL STANDARD BOOK NUMBER
ISBN 81-740-099-1
041 ## - LANGUAGE CODE
Language code of text/sound track or separate title eng
082 ## - DEWEY DECIMAL CLASSIFICATION NUMBER
Item number 3602
100 ## - MAIN ENTRY--AUTHOR NAME
Personal name Jain R.K.
245 ## - TITLE STATEMENT
Title Production Technology Manufachniry Process, Tech and Automatics
260 ## - PUBLICATION, DISTRIBUTION, ETC. (IMPRINT)
Name of publisher Khanna Publishing
300 ## - PHYSICAL DESCRIPTION
Number of Pages 1090
650 ## - SUBJECT ADDED ENTRY--TOPICAL TERM
Topical Term DIPLOMA ENGINEERING
942 ## - ADDED ENTRY ELEMENTS (KOHA)
Koha item type Books
Holdings
Lost status Damaged status Home library Current library Shelving location Date acquired Cost, normal purchase price Full call number Accession Number Koha item type
    JRU Library   SHELF-42-M 20/05/2016 500.00 3602 3602 Books
    JRU Library   SHELF-42-M 20/05/2016 500.00 3602 3603 Books
    JRU Library   SHELF-42-M 20/05/2016 500.00 3602 3604 Books
    JRU Library   SHELF-42-M 20/05/2016 500.00 3602 3605 Books
    JRU Library   SHELF-42-M 20/05/2016 500.00 3602 3606 Books
    JRU Library     20/05/2016 500.00 3602 3607 Books